<?xml version="1.0" encoding="UTF-8"?>
<record
    xmlns:xsi="http://www.w3.org/2001/XMLSchema-instance"
    xsi:schemaLocation="http://www.loc.gov/MARC21/slim http://www.loc.gov/standards/marcxml/schema/MARC21slim.xsd"
    xmlns="http://www.loc.gov/MARC21/slim">

  <leader>00893nam a2200265 a 4500</leader>
  <controlfield tag="001">.b30133786</controlfield>
  <controlfield tag="003">OSt</controlfield>
  <controlfield tag="005">20130514163233.0</controlfield>
  <controlfield tag="008">031007s2003    spca   ||     001 ||cat|c</controlfield>
  <datafield tag="020" ind1=" " ind2=" ">
    <subfield code="a">8449023157 (Universitat Aut&#xF2;noma de Barcelona)</subfield>
  </datafield>
  <datafield tag="020" ind1=" " ind2=" ">
    <subfield code="a">8480214260 (Universitat Jaume I)</subfield>
  </datafield>
  <datafield tag="020" ind1=" " ind2=" ">
    <subfield code="a">8488042426 (Universitat Pompeu Fabra)</subfield>
  </datafield>
  <datafield tag="020" ind1=" " ind2=" ">
    <subfield code="a">8437056772 (Universitat de Val&#xE8;ncia)</subfield>
  </datafield>
  <datafield tag="040" ind1=" " ind2=" ">
    <subfield code="c">CDMR</subfield>
  </datafield>
  <datafield tag="100" ind1="1" ind2=" ">
    <subfield code="a">Guillamet, Jaume</subfield>
    <subfield code="9">417</subfield>
  </datafield>
  <datafield tag="245" ind1="1" ind2="0">
    <subfield code="a">Hist&#xF2;ria del periodisme</subfield>
    <subfield code="b">: not&#xED;cies, periodistes i mitjans de comunicaci&#xF3;</subfield>
    <subfield code="c">Jaume Guillamet</subfield>
  </datafield>
  <datafield tag="260" ind1=" " ind2=" ">
    <subfield code="a">Bellaterra [etc.]</subfield>
    <subfield code="b">Universitat Aut&#xF2;noma de Barcelona [etc.]</subfield>
    <subfield code="c">2003</subfield>
  </datafield>
  <datafield tag="300" ind1=" " ind2=" ">
    <subfield code="a">252 p.</subfield>
    <subfield code="b">il.</subfield>
    <subfield code="c">24 cm</subfield>
  </datafield>
  <datafield tag="490" ind1="0" ind2=" ">
    <subfield code="a">Aldea Global</subfield>
    <subfield code="v">14</subfield>
  </datafield>
  <datafield tag="650" ind1="0" ind2="4">
    <subfield code="a">Periodisme</subfield>
    <subfield code="x">Hist&#xF2;ria</subfield>
    <subfield code="9">2512</subfield>
  </datafield>
  <datafield tag="650" ind1="0" ind2="4">
    <subfield code="a">Premsa</subfield>
    <subfield code="z">Espanya</subfield>
    <subfield code="x">Hist&#xF2;ria</subfield>
    <subfield code="9">1130</subfield>
  </datafield>
  <datafield tag="830" ind1=" " ind2="0">
    <subfield code="a">Aldea global ;</subfield>
    <subfield code="v">14</subfield>
  </datafield>
  <datafield tag="940" ind1=" " ind2=" ">
    <subfield code="a">UPF</subfield>
    <subfield code="d">UAB</subfield>
  </datafield>
  <datafield tag="942" ind1=" " ind2=" ">
    <subfield code="2">udc</subfield>
    <subfield code="c">MON</subfield>
  </datafield>
  <datafield tag="999" ind1=" " ind2=" ">
    <subfield code="c">6228</subfield>
    <subfield code="d">6228</subfield>
  </datafield>
  <datafield tag="952" ind1=" " ind2=" ">
    <subfield code="0">0</subfield>
    <subfield code="1">0</subfield>
    <subfield code="4">0</subfield>
    <subfield code="7">0</subfield>
    <subfield code="a">CDMR</subfield>
    <subfield code="b">CDMR</subfield>
    <subfield code="d">2013-01-16</subfield>
    <subfield code="l">1</subfield>
    <subfield code="m">1</subfield>
    <subfield code="o">Dt 9/50</subfield>
    <subfield code="p">CDMR13056393</subfield>
    <subfield code="r">2019-09-05</subfield>
    <subfield code="s">2019-07-26</subfield>
    <subfield code="w">2013-05-14</subfield>
    <subfield code="y">MON</subfield>
  </datafield>
</record>
